Sports Quiz

Random Sports or Auto Racing Quiz

Formula 1 Driver line-up for F1 2020 Quiz Stats

 Plays Quiz not verified by Sporcle

Support Sporcle.
Go Orange.
Score 0/10 Timer 03:00
0 Plays Today
2020 Team % Correct
Lewis Hamilton and Valtteri Bottas?Mercedes
99.7%
Charles Leclerc and Sebastian Vettel?Ferrari
99.1%
Max Verstappen and Alexander Albon?Red Bull
99.1%
Romain Grosjean and Kevin Magnussen?Haas
98%
Daniel Ricciardo and Esteban Ocon?Renault
97.1%
George Russell and Nicholas Latifi?Williams
97.1%
Kimi Raikkonen and Antonio Giovinazzi?Alfa Romeo
96.6%
Lando Norris and Carlos Sainz Jr?McLaren
96.6%
Sergio Perez and Lance Stroll?Racing Point
95.7%
Perrie Gasly and Daniil Kvyat?Alpha Tauri
91.7%

You're not logged in!

Compare scores with friends on all Sporcle quizzes.
OR
Log In

From the Vault

Remove Ads.
Support Sporcle.
Get the best of Sporcle when you Go Orange. This ad-free experience offers more features, more stats, and more fun while also helping to support Sporcle. Thank you for becoming a member.

Show Comments

Extras

Top Quizzes Today


Score Distribution

Your Account Isn't Verified!

In order to create a playlist on Sporcle, you need to verify the email address you used during registration. Go to your Sporcle Settings to finish the process.

Report this User

Report this user for behavior that violates our Community Guidelines.

Details: